[Event "Stay Safe Play From Home 362"]
[Site "Emanuel Lasker Arena"]
[Date "2020.08.06"]
[Round "2"]
[White "NTBT_DHS"]
[Black "Padmaesh M K"]
[Result "1-0"]
[WhiteElo "2594"]
[BlackElo "1791"]
[Annotator "TA"]
[PlyCount "45"]
[EventDate "2020.08.06"]
[EventType "swiss (blitz)"]

{[%evp 18,44,116,122,148,174,161,161,170,157,734,729,1550,1434,1430,1423,1282,1245,2343,1244,1811,1783,29990,29991,29996,29997,29997,29998,29999]} 1. e4 e5 2. Nf3 Nc6 3. Bc4 Bc5 4. c3 Nf6 5. d4 exd4 6. cxd4 Bb4+ 7. Nc3 Nxe4 8. O-O Nxc3 9. bxc3 Bxc3 {[#]} 10. Ba3 $1 {Black must now prevent Qe2+.} d6 {C54: Giuoco Piano: 4 c3 Nf6, main lines with 5 d4 and 5 d3.} 11. Rc1 {Strongly threatening Qe2+.} Ba5 {[#]} 12. Qa4 $1 ({Don't do} 12. d5 $6 Ne7 $14) 12... Bd7 {White is clearly better.} 13. d5 {[#]} Bb4 $146 (13... Ne5 $16 14. Qxa5 Nxf3+ 15. gxf3 O-O) ({Predecessor:} 13... Bb6 14. dxc6 Bxc6 15. Bb5 Bxb5 16. Rfe1+ Kd7 17. Qxb5+ c6 18. Qf5+ {1-0 (18) Burkov,G (2188)-Stebunov,A (2011) Kirishi 2009}) 14. dxc6 $18 Bxa3 15. cxd7+ Qxd7 16. Rce1+ Kd8 17. Qxa3 c6 18. Nd4 d5 19. Bd3 Re8 20. Bf5 {White mates.} Qc7 21. Rxe8+ Kxe8 22. Re1+ Kd8 23. Qf8# {Black got outplayed after the opening. Accuracy: White = 73%, Black = 28%.} 1-0

[Event "Stay Safe Play From Home 362"]
[Site "Emanuel Lasker Arena"]
[Date "2020.08.06"]
[Round "2"]
[White "Gokerkan"]
[Black "SoulofWolf"]
[Result "1-0"]
[WhiteElo "2592"]
[BlackElo "2286"]
[Annotator "TA"]
[PlyCount "153"]
[EventDate "2020.08.06"]
[EventType "swiss (blitz)"]

{[%evp 9,153,34,48,31,53,36,36,34,47,27,52,45,42,39,55,39,56,43,63,36,40,0,55,44,89,7,39,-5,142,151,167,144,171,114,147,124,140,145,140,117,180,125,125,77,201,126,139,105,117,89,93,87,147,158,136,66,54,49,89,-65,178,0,166,66,170,96,180,105,117,85,547,47,47,47,47,47,106,70,106,47,47,47,47,47,50,47,47,47,47,47,50,44,44,44,114,44,50,44,47,47,127,127,127,127,127,127,127,127,114,33,113,113,113,100,329,329,329,329,329,336,29994,383,402,383,383,0,383,376,29992,0,402,402,402,100,100,0,100,0,29985,29986,29991,29983,29981,0,29986,29987]} 1. e4 e5 2. Nf3 Nc6 3. Bc4 d6 4. O-O h6 5. h3 Nf6 6. d4 {C50: Hungarian Defence and Giuoco Pianissimo.} Be7 7. Nc3 exd4 8. Nxd4 {White is slightly better.} O-O 9. a3 Ne5 10. Bb3 {[#]} a6 $146 ({Predecessor:} 10... c5 11. Nf3 a6 12. Bf4 c4 13. Ba2 Ng6 14. Bh2 b5 15. Nd4 Bb7 16. Re1 Rc8 {1-0 (60) Quintero Jara,A (1373)-Saravia,A Medellin 2019}) 11. f4 Ng6 $1 12. Be3 c5 13. Nf5 Re8 14. Nxe7+ (14. Bf2 {feels hotter.} Bf8 15. Qf3 b5 16. Rad1 Rb8 17. Rfe1) 14... Qxe7 15. Qf3 Rb8 (15... Bd7 $11) 16. Rae1 $36 {[%mdl 2048] Black is under pressure.} Bd7 17. Kh2 (17. Qg3 $16 {Strongly threatening Qxg6.} b5 18. Qxg6 (18. e5 dxe5 19. f5 Nf4 $14)) 17... Bc6 {[%cal Rc6e4]} (17... Bb5 $5) 18. Nd5 Nxd5 (18... Bxd5 $11 {keeps the balance.} 19. Bxd5 b5) 19. exd5 $16 Bd7 {[#]} 20. Bxc5 $1 {[%mdl 512]} Qf8 (20... dxc5 21. Rxe7) 21. Ba7 (21. Bb6 $18) 21... Ra8 22. Bd4 Nh4 23. Qf2 Nf5 24. c4 Rac8 (24... Nxd4 $16 25. Qxd4 b5 26. Rxe8 Rxe8 27. cxb5 Bxb5) 25. Ba2 (25. Bc3 $18) 25... b5 26. b3 a5 (26... bxc4 $16 {was called for.} 27. bxc4 Nxd4) 27. Ba1 {aiming for g4.} a4 28. cxb5 Bxb5 29. Rxe8 Rxe8 30. Re1 f6 (30... Rxe1 $142 31. Qxe1 axb3 32. Bxb3 Qa8) 31. bxa4 Bxa4 32. Rxe8 (32. g4 $16 Ne7 33. Bc3) 32... Qxe8 $14 33. Bb1 Bd7 34. Qc2 $2 (34. Bc3 $16) 34... g6 $2 (34... Qe3 $15 {keeps the upper hand.} 35. Bb2 Kf8) 35. g4 $2 ({Don't take} 35. Bxf6 $6 Qe3 $16) (35. Qc3 $18) 35... Ne7 $2 (35... Qe3 $11 36. gxf5 Bxf5 {[%mdl 64] Double Attack}) 36. Qf2 (36. Qe4 $18 Qf7 37. a4) 36... Qf7 (36... Nxd5 $14 37. f5 Qe3 38. Qxe3 Nxe3) 37. Bb2 (37. Ba2 $18) 37... Kg7 (37... f5 $16 {is a better defense.}) 38. Qd4 (38. Be4 $18) 38... Nxd5 $16 39. Ba2 Be6 $2 {[%mdl 8192] [#]} (39... Bc6 $16 {is tougher.}) 40. Bxd5 $2 (40. f5 $1 $18 {[%cal Rf5e6][%mdl 512]} gxf5 41. gxf5 Bxf5 42. Bxd5) 40... Bxd5 $14 41. g5 hxg5 42. fxg5 Be6 (42... Kf8 $14) 43. Qxf6+ Kf8 44. Qxf7+ (44. Qd8+ $16 Qe8 45. Qxd6+ Qe7 46. Qe5) 44... Kxf7 $16 {[%mdl 4096] Endgame KB-KB} 45. a4 {[%cal Ba3a4,Ba4a5][%mdl 32]} Bc4 46. a5 Ba6 47. Bd4 Ke6 48. Kg3 Kd5 49. Be3 Ke6 50. Bf4 d5 51. Be3 Kf5 {[#]} (51... Ke5 $14) 52. Bd2 (52. h4 $1 $16) 52... Ke6 53. Bc1 Kd6 54. h4 Kc6 {[#]} ({Black should try} 54... d4 $14) 55. h5 $1 {[%cal Rh5h6][%mdl 512]} gxh5 56. g6 Bd3 57. g7 Bh7 {[#]} 58. Kh4 $1 Bg8 59. Bb2 (59. Kxh5 $16 Kb5 60. Bd2) 59... d4 (59... Kb5 $14) 60. Bxd4 Kb5 61. Bc3 Ka6 $2 (61... Bf7 $16 62. Bd2 Ka6) 62. Kxh5 $18 Kb5 63. Kg6 Ka6 64. Kf6 Be6 $2 (64... Ba2 $18 65. Be1 Kb7) 65. Ke7 $2 (65. Kxe6 Kb5 66. Kd5 Ka4 67. Kc4 Ka3 68. g8=Q Ka2 69. Qb8 Ka3 70. Qb3#) 65... Bd5 66. Kf8 Bc4 67. Ke7 $2 ({White should play} 67. Be1 $18 Kb7 68. Bg3) 67... Bg8 $2 {[%mdl 8192]} (67... Bd5 $1 $11) 68. Bb4 ({Less strong is} 68. Kf8 Bd5 $16) 68... Be6 $2 (68... Ba2 $18 69. Ke8 Kb7) 69. Bc3 (69. Kxe6 $142 Kb5 70. g8=Q Kxb4 71. a6 Kb5 72. a7 Kc6 73. a8=Q+ Kb5 74. Qgb8+ Kc4 75. Qd5+ Kc3 76. Qbb3#) 69... Bd5 70. Kd6 Bc4 71. Ke5 $2 (71. Kc5 $18 {is more deadly.} Bg8 72. Kd6) 71... Bg8 72. Kf6 (72. Be1 $16) 72... Kb5 (72... Be6 $1 $11) 73. Ke7 (73. Be1 $16) 73... Kc4 $2 {[%mdl 8192]} (73... Ka6 $11) 74. Kf8 Kxc3 75. Ke7 Kb4 76. Kf8 $2 (76. a6 {mates} Bd5 77. a7 Kc5 78. Kf8 Ba8 79. g8=Q Kd4 80. Qg1+ Kc4 81. Qb6) 76... Be6 $2 {[%mdl 8192]} (76... Kc3 $11 77. Kxg8 Kd4 78. a6 Kc4 79. a7 Kd4 80. Kf7 Kd3 81. a8=Q Kc3 82. g8=Q Kd4 83. Qg3 Kc4 84. Qc6+ Kd4 85. Qgc3#) 77. a6 {Accuracy: White = 49%, Black = 44%.} 1-0

[Event "Stay Safe Play From Home 362"]
[Site "Emanuel Lasker Arena"]
[Date "2020.08.06"]
[Round "2"]
[White "AChessPlayer"]
[Black "Uber_WING"]
[Result "0-1"]
[WhiteElo "2436"]
[BlackElo "2424"]
[Annotator "TA"]
[PlyCount "130"]
[EventDate "2020.08.06"]
[EventType "swiss (blitz)"]

{[%evp 9,130,16,26,24,45,32,41,29,35,35,32,35,67,52,49,56,152,116,105,11,8,6,10,0,42,30,17,10,20,8,23,-169,-176,-180,-154,-159,-158,-162,-117,-170,-162,-141,-57,-57,-57,-131,-13,-43,-45,-50,-43,-44,-47,-55,-52,-52,-39,-40,-46,-65,-73,-91,-52,-52,-55,-76,-60,-75,-55,-55,-52,-149,-152,-152,-143,-141,-152,-333,-331,-369,-358,-474,-472,-960,-836,-1170,-1121,-1410,-1457,-4718,-4410,-29976,-29977,-29981,-29981,-29981,-29975,-29975,-29980,-29980,-29978,-29984,-29983,-29983,-29984,-29985,-29986,-29989,-29988,-29990,-29988,-29988,-29989,-29989,-29986,-29993,-29993,-29993,-29994,-29994,-29995,-29995,-29995]} 1. Nf3 g6 2. g3 Bg7 3. Bg2 d6 4. O-O c6 5. d3 Qc7 6. e4 {[#] A04: Unusual lines after 1 Nf3 and King's Indian Attack.} Bg4 $146 ({Predecessor:} 6... e5 7. d4 Ne7 8. Be3 O-O 9. Nc3 b6 10. Qd2 Re8 11. Rfd1 Bg4 12. h3 Be6 {1-0 (69) Boettcher,C (2180)-Heinemann,E (2114) Germany 2017}) 7. Nbd2 Nd7 8. h3 {White is slightly better.} Bxf3 $1 9. Nxf3 e5 10. c3 Ne7 11. Qc2 O-O 12. d4 f5 (12... Rfe8 $14) 13. exf5 Nxf5 {[#]} 14. dxe5 (14. g4 $1 $16) 14... Nxe5 $11 15. Nxe5 Bxe5 16. Bg5 Bf6 17. Bxf6 (17. Bf4 {is more complex.} Rfe8 18. Rad1 Be5 19. Bg5 d5 20. c4) 17... Rxf6 18. Rad1 Raf8 19. Rfe1 Qb6 {Black wants to play ...Nxg3.} 20. Re2 $2 (20. Kh2 $11 {and White is okay.}) 20... Nxg3 $1 $19 21. Red2 Nf5 22. Qb3+ Qxb3 23. axb3 d5 24. b4 (24. c4 $17 {is a better defense.}) 24... Nh4 25. b5 Nf3+ ({Better is} 25... Nxg2 $17 26. Kxg2 cxb5) 26. Bxf3 $1 $15 Rxf3 {[%mdl 4096] Endgame KRR-KRR} 27. Kg2 (27. bxc6 $15 bxc6 28. Kg2) 27... R3f5 ({Black should play} 27... cxb5 $17 {Hoping for ...R8f5.} 28. Re1 R3f5) 28. bxc6 bxc6 29. Ra1 Rg5+ 30. Kh2 Rf7 31. Ra4 Rgf5 32. Kg2 Kg7 33. Ra6 Rc7 34. Ra5 Kf6 35. Rd4 Re5 36. Rda4 Ree7 37. Rf4+ Ke6 38. Rfa4 Kd6 39. b4 Rb7 40. Rc5 {White is on the road to losing.} (40. Kg3 $15) 40... Rb5 $17 41. Rxb5 cxb5 {KR-KR} 42. Ra6+ Ke5 43. Kf3 $2 (43. Ra5 $17 {was called for.}) 43... Rc7 $19 44. Ke2 {[#]} d4 $1 45. cxd4+ Kxd4 46. Rd6+ (46. Kd1 $142 Kc3 47. h4) 46... Kc4 47. h4 Kxb4 48. h5 a5 49. hxg6 hxg6 50. Rxg6 a4 {Black mates.} 51. Ra6 a3 52. f4 Rc4 53. Ke3 Kb3 54. f5 b4 {[%cal Bb5b4,Bb4b3][%mdl 32]} 55. Rd6 Rc3+ 56. Ke4 Rc8 57. Rd3+ Kc2 58. Rd4 b3 59. Ra4 a2 60. f6 Kb2 61. Kf5 Rf8 62. Ra3 {[#]} Rxf6+ $1 {[%mdl 576] Promotion} 63. Kxf6 Kxa3 64. Ke6 a1=Q 65. Kd5 Qc1 {Accuracy: White = 56%, Black = 80%.} 0-1

[Event "Stay Safe Play From Home 362"]
[Site "Emanuel Lasker Arena"]
[Date "2020.08.06"]
[Round "2"]
[White "SelamiSahin"]
[Black "Klasman"]
[Result "1-0"]
[WhiteElo "2094"]
[BlackElo "1401"]
[Annotator "TA"]
[PlyCount "51"]
[EventDate "2020.08.06"]
[EventType "swiss (blitz)"]

{[%evp 9,51,25,59,-10,36,30,71,52,56,0,20,-20,90,93,94,45,47,41,79,50,114,91,153,151,804,797,752,-413,385,218,203,178,289,267,232,200,399,397,388,366,378,389,455,394]} 1. d4 f5 2. g3 Nf6 3. Bg2 d5 4. Nf3 e6 5. O-O c5 6. b3 {A81: Dutch Defence: 2 g3.} (6. c4 $14) 6... Nc6 7. Bb2 cxd4 8. Nxd4 {White is better.} Bd6 9. Nd2 {[#]} ({White should play} 9. c4 $14) 9... O-O $146 ({Predecessor:} 9... Nxd4 10. Bxd4 e5 11. Bb2 O-O 12. e3 Be6 13. c4 dxc4 14. Nxc4 Bxc4 15. bxc4 Qc7 {½-½ (104) Tichy,S (2128)-Kral,D (1994) Czechia 2007}) 10. c4 Ne4 (10... Nxd4 $11 11. Bxd4 e5) 11. cxd5 $16 exd5 12. Rc1 {aiming for Nxe4.} Nxd4 13. Bxd4 Be6 14. Nf3 g5 (14... f4 $14) 15. Ne5 h5 (15... Ba3 $142) 16. e3 h4 $2 (16... g4 $16 17. Ng6 Re8) 17. Qh5 $18 {[#] White threatens Qg6+ and mate.} Rf6 18. Nf3 $4 {[%mdl 8192]} (18. Bxe4 $18 {and life is good for White.} fxe4 19. Qxg5+ Kf8 20. f3 exf3 21. Ng6+ {[%mdl 64] Double Attack} Kf7 22. Nxh4 f2+ 23. Kg2) 18... hxg3 $4 {[%mdl 8192]} (18... Bf7 $19 19. Qxg5+ Nxg5 20. Nxg5 Ba3) 19. hxg3 (19. Nxg5 $142 gxh2+ 20. Kh1 Nxg5 21. Qxg5+ {[%mdl 64] Double Attack} Kf7 22. Qh5+ Ke7 23. Bxf6+ Kxf6 24. Qh6+ Ke7 25. Qg7+ Bf7 26. Qg5+ {[%mdl 64] Double Attack} Ke8 27. Qxf5) 19... Bf7 {[#]} 20. Qh2 $1 Bf8 (20... Kg7 $142) 21. Bxf6 Qxf6 22. Rc7 Re8 $2 (22... Kg7 {is a better defense.}) 23. Nd4 f4 24. gxf4 gxf4 25. Qxf4 ({Much less strong is} 25. Bxe4 Rxe4 26. Qg2+ Bg7 $18) 25... Qg6 26. Nf5 {Accuracy: White = 52%, Black = 25%.} 1-0

[Event "Stay Safe Play From Home 362"]
[Site "Emanuel Lasker Arena"]
[Date "2020.08.06"]
[Round "2"]
[White "Sfantul321"]
[Black "Nuktotitakoi"]
[Result "0-1"]
[WhiteElo "1976"]
[BlackElo "2464"]
[Annotator "NA RC"]
[PlyCount "92"]
[EventDate "2020.08.06"]
[EventType "swiss (blitz)"]

1. c4 {[%emt 0:00:02]} d6 {[%emt 0:00:00]} 2. Nc3 {[%emt 0:00:01]} Nf6 {[%emt 0:00:00]} 3. g3 {[%emt 0:00:01]} g6 {[%emt 0:00:00]} 4. Bg2 {[%emt 0:00:00]} Bg7 {[%emt 0:00:00]} 5. e3 {[%emt 0:00:00]} O-O {[%emt 0:00:00]} 6. Nge2 {[%emt 0:00:00]} Nc6 {[%emt 0:00:00]} 7. O-O {[%emt 0:00:00]} e5 {[%emt 0:00:00]} 8. h3 {[%emt 0:00:00]} Re8 {[%emt 0:00:01]} 9. d3 {[%emt 0:00:00]} Be6 {[%emt 0:00:00]} 10. Nd5 {[%emt 0:00:01]} Bxd5 {[%emt 0:00:01]} 11. cxd5 {[%emt 0:00:01]} Ne7 {[%emt 0:00:00]} 12. e4 {[%emt 0:00:00]} c6 {[%emt 0:00:01]} 13. dxc6 {[%emt 0:00:01]} bxc6 {[%emt 0:00:00]} 14. f4 {[%emt 0:00:01]} Qb6+ {[%emt 0:00:04]} 15. Kh2 {[%emt 0:00:02]} Rad8 {[%emt 0:00:04]} 16. Qc2 {[%emt 0:00:01]} Nc8 {[%emt 0:00:03]} 17. Rb1 {[%emt 0:00:01]} d5 {[%emt 0:00:02]} 18. fxe5 {[%emt 0:00:02]} Rxe5 {[%emt 0:00:01]} 19. Bf4 {[%emt 0:00:01]} Ree8 {[%emt 0:00:01]} 20. e5 {[%emt 0:00:01]} Nh5 {[%emt 0:00:01]} 21. d4 {[%emt 0:00:01]} Nxf4 {[%emt 0:00:02]} 22. gxf4 {[%emt 0:00:01]} Ne7 {[%emt 0:00:01]} 23. Rbd1 {[%emt 0:00:03]} Nf5 {[%emt 0:00:01]} 24. Bf3 {[%emt 0:00:01]} Ne3 {[%emt 0:00:01]} 25. Qd3 {[%emt 0:00:01]} Nxf1+ {[%emt 0:00:01]} 26. Rxf1 {[%emt 0:00:01]} Qxb2 {[%emt 0:00:01]} 27. Rf2 {[%emt 0:00:01]} c5 {[%emt 0:00:01]} 28. dxc5 {[%emt 0:00:01]} Qb4 {[%emt 0:00:01]} 29. f5 {[%emt 0:00:03]} Bxe5+ {[%emt 0:00:02]} 30. Kg2 {[%emt 0:00:01]} Qxc5 {[%emt 0:00:02]} 31. fxg6 {[%emt 0:00:01]} hxg6 {[%emt 0:00:00]} 32. Bg4 {[%emt 0:00:04]} Bg7 {[%emt 0:00:01]} 33. Qf3 {[%emt 0:00:01]} f5 {[%emt 0:00:03]} 34. Bxf5 {[%emt 0:00:01]} gxf5 {[%emt 0:00:00]} 35. Qxf5 {[%emt 0:00:01]} Qc7 {[%emt 0:00:02]} 36. Qe6+ {[%emt 0:00:01]} Rxe6 {[%emt 0:00:01]} 37. Ng3 {[%emt 0:00:01]} Rg6 {[%emt 0:00:01]} 38. Rf3 {[%emt 0:00:02]} Be5 {[%emt 0:00:00]} 39. Kf2 {[%emt 0:00:02]} Rxg3 {[%emt 0:00:00]} 40. Rxg3+ {[%emt 0:00:01]} Bxg3+ {[%emt 0:00:00]} 41. Kg2 {[%emt 0:00:00]} d4 {[%emt 0:00:00]} 42. Kf3 {[%emt 0:00:01]} d3 {[%emt 0:00:00]} 43. Kg4 {[%emt 0:00:00]} Qf4+ {[%emt 0:00:01]} 44. Kh5 {[%emt 0:00:01]} Rd5+ {[%emt 0:00:01]} 45. Kg6 {[%emt 0:00:01]} Qf5+ {[%emt 0:00:00]} 46. Kh6 {[%emt 0:00:01]} Qg5# {[%emt 0:00:00] (Lag: Av=0.31s, max=0.8s) (Lag: Av=0.31s, max=0.8s) (Lag: Av=0.31s, max=0.8s) (Lag: Av=0.31s, max=0.8s) (Lag: Av=0.31s, max=0.8s)} 0-1

[Event "Stay Safe Play From Home 362"]
[Site "Emanuel Lasker Arena"]
[Date "2020.08.06"]
[Round "2"]
[White "Greblha"]
[Black "Lamborghini"]
[Result "0-1"]
[WhiteElo "1959"]
[BlackElo "2307"]
[Annotator "TA"]
[PlyCount "90"]
[EventDate "2020.08.06"]
[EventType "swiss (blitz)"]

{[%evp 9,90,30,33,20,39,19,21,-13,-10,-17,-20,6,-9,-16,0,0,8,0,0,0,0,-15,-12,0,-9,-17,0,-12,-32,-8,72,-43,-53,-36,-24,-101,-81,-75,-73,-139,-43,-47,-47,-44,-45,-32,-61,-64,-25,-20,-21,-33,-39,-584,-583,-562,-523,-761,-744,-720,-723,-763,-747,-990,-983,-978,-977,-2354,-4473,-1783,-1860,-4794,-2700,-2249,-1828,-1121,-899,-890,-845,-2125,-1869,-29987,-29988]} 1. e4 c5 2. Nc3 d6 3. g3 Nc6 4. Bg2 Bd7 5. d3 Qc8 6. Be3 {[#] B24: Closed Sicilian: 3 g3 sidelines.} Rb8 $146 ({Predecessor:} 6... g6 7. Qd2 Bg7 8. f4 Nh6 9. h3 f5 10. Nd1 O-O 11. c3 Rb8 12. Nf2 e6 {½-½ (43) Bosco,R (2169)-Vajnik,E Buenos Aires 2000}) 7. Qd2 b5 8. Nf3 {The position is equal.} Bh3 9. O-O Bxg2 $1 10. Kxg2 e6 11. d4 cxd4 12. Nxd4 a6 13. Nxc6 (13. Rad1 {looks sharper.} b4 14. Nce2 Nf6 15. f3 Ne5 16. b3) 13... Qxc6 14. f3 $36 {[%mdl 2048] Black is under pressure.} Nf6 15. Rac1 Be7 16. Ne2 O-O 17. Nd4 Qb7 18. c4 bxc4 19. Rxc4 Qxb2 (19... d5 $11 {remains equal.} 20. exd5 Nxd5) 20. Rf2 (20. Rc2 $16 Qb7 21. Rfc1) 20... Qxd2 $15 21. Rxd2 d5 22. Rc7 (22. Rcc2 $11 {keeps the balance.}) 22... Bd8 $17 23. Ra7 dxe4 24. Nc6 ({Better is} 24. fxe4 Nxe4 25. Rc2) 24... exf3+ (24... Bb6 $17 25. Bxb6 Rxb6) 25. Kxf3 $15 Rc8 26. Nxd8 Rfxd8 27. Rxd8+ Rxd8 28. Rxa6 {[%mdl 4096] Endgame KRB-KRN} Nd5 29. a4 h6 30. Ra7 Rc8 {[#] aiming for ...Rc3.} 31. a5 $2 {[%mdl 8192] Now White is beyond hope.} (31. Bf2 $15) 31... Rc3 $19 32. Ra8+ Kh7 33. a6 Rxe3+ {KRN-KR} 34. Kf2 Ra3 35. a7 Kg6 36. h4 Nf6 37. Kg2 h5 38. Kh2 e5 39. Kg2 e4 40. Kf2 Ng4+ 41. Ke2 Ra2+ 42. Ke1 Ne5 43. Re8 Nf3+ 44. Kf1 Rxa7 45. Rxe4 Nd2+ {[%mdl 64] Double Attack. Accuracy: White = 55%, Black = 82%.} 0-1

[Event "Stay Safe Play From Home 362"]
[Site "Emanuel Lasker Arena"]
[Date "2020.08.06"]
[Round "2"]
[White "Buzaglo"]
[Black "Ao017545"]
[Result "1-0"]
[WhiteElo "1840"]
[BlackElo "1555"]
[Annotator "NA RC"]
[PlyCount "81"]
[EventDate "2020.08.06"]
[EventType "swiss (blitz)"]

1. d4 {[%emt 0:00:02]} e5 {[%emt 0:00:00]} 2. dxe5 {[%emt 0:00:06]} d6 {[%emt 0:00:00]} 3. Nf3 {[%emt 0:00:00]} Nc6 {[%emt 0:00:03]} 4. exd6 {[%emt 0:00:01]} Bxd6 {[%emt 0:00:02]} 5. c4 {[%emt 0:00:00]} Nf6 {[%emt 0:00:00]} 6. Nc3 {[%emt 0:00:01]} Ng4 {[%emt 0:00:01]} 7. Bg5 {[%emt 0:00:01]} f6 {[%emt 0:00:02]} 8. Bd2 {[%emt 0:00:03]} Bf5 {[%emt 0:00:01]} 9. h3 {[%emt 0:00:01]} Nge5 {[%emt 0:00:03]} 10. Nxe5 {[%emt 0:00:01]} Bxe5 {[%emt 0:00:00]} 11. e4 {[%emt 0:00:01]} Bg6 {[%emt 0:00:02]} 12. Be3 {[%emt 0:00:04]} Nb4 {[%emt 0:00:01]} 13. Qxd8+ {[%emt 0:00:01]} Rxd8 {[%emt 0:00:02]} 14. Rc1 {[%emt 0:00:04]} Nd3+ {[%emt 0:00:01]} 15. Bxd3 {[%emt 0:00:02]} Rxd3 {[%emt 0:00:00]} 16. Ke2 {[%emt 0:00:00]} Rd7 {[%emt 0:00:07]} 17. Nd5 {[%emt 0:00:01]} O-O {[%emt 0:00:02]} 18. Rhd1 {[%emt 0:00:01]} Rfd8 {[%emt 0:00:01]} 19. Nf4 {[%emt 0:00:05]} Bxe4 {[%emt 0:00:01]} 20. Rxd7 {[%emt 0:00:03]} Rxd7 {[%emt 0:00:00]} 21. Ne6 {[%emt 0:00:02]} Bxb2 {[%emt 0:00:06]} 22. Rd1 {[%emt 0:00:02]} Rxd1 {[%emt 0:00:03]} 23. Kxd1 {[%emt 0:00:00]} Bd3 {[%emt 0:00:01]} 24. Nxc7 {[%emt 0:00:01]} Bxc4 {[%emt 0:00:04]} 25. Bxa7 {[%emt 0:00:01]} Bxa2 {[%emt 0:00:01]} 26. Nb5 {[%emt 0:00:03]} Bb3+ {[%emt 0:00:03]} 27. Ke2 {[%emt 0:00:01]} g6 {[%emt 0:00:02]} 28. Kf3 {[%emt 0:00:00]} f5 {[%emt 0:00:00]} 29. Nd6 {[%emt 0:00:01]} Bf6 {[%emt 0:00:01]} 30. Nxb7 {[%emt 0:00:01]} Kg7 {[%emt 0:00:00]} 31. Nc5 {[%emt 0:00:00]} Bd5+ {[%emt 0:00:00]} 32. Kg3 {[%emt 0:00:04]} Bf7 {[%emt 0:00:00]} 33. f4 {[%emt 0:00:01]} Bg8 {[%emt 0:00:00]} 34. Kf2 {[%emt 0:00:01]} Bf7 {[%emt 0:00:00]} 35. g3 {[%emt 0:00:00]} Bd4+ {[%emt 0:00:01]} 36. Kf1 {[%emt 0:00:02]} Bxc5 {[%emt 0:00:00]} 37. g4 {[%emt 0:00:01]} Kh8 {[%emt 0:00:00]} 38. g5 {[%emt 0:00:00]} Bc4+ {[%emt 0:00:04]} 39. Ke1 {[%emt 0:00:00]} Bb5 {[%emt 0:00:01]} 40. Kd1 {[%emt 0:00:00]} Ba4+ {[%emt 0:00:01]} 41. Kc1 {[%emt 0:00:00] Zaman Zaman Zaman Zaman Zaman (Lag: Av=0.73s, max=1.0s) (Lag: Av=0.73s, max=1.0s) (Lag: Av=0.73s, max=1.0s) (Lag: Av=0.73s, max=1.0s) (Lag: Av=0.73s, max=1.0s)} 1-0

[Event "Stay Safe Play From Home 362"]
[Site "Emanuel Lasker Arena"]
[Date "2020.08.06"]
[Round "2"]
[White "Haris kollari 13"]
[Black "Stefanone"]
[Result "0-1"]
[WhiteElo "1724"]
[BlackElo "1944"]
[Annotator "NA RC"]
[PlyCount "60"]
[EventDate "2020.08.06"]
[EventType "swiss (blitz)"]

1. e4 {[%emt 0:00:01]} e6 {[%emt 0:00:01]} 2. f4 {[%emt 0:00:01]} d5 {[%emt 0:00:00]} 3. e5 {[%emt 0:00:00]} c5 {[%emt 0:00:01]} 4. d4 {[%emt 0:00:00]} cxd4 {[%emt 0:00:01]} 5. Qxd4 {[%emt 0:00:01]} Nc6 {[%emt 0:00:00]} 6. Bb5 {[%emt 0:00:02]} Nge7 {[%emt 0:00:00]} 7. Nc3 {[%emt 0:00:01]} Bd7 {[%emt 0:00:01]} 8. Qd1 {[%emt 0:00:02]} Nf5 {[%emt 0:00:02]} 9. g4 {[%emt 0:00:02]} Qh4+ {[%emt 0:00:01]} 10. Kf1 {[%emt 0:00:02]} Ng3+ {[%emt 0:00:01]} 11. hxg3 {[%emt 0:00:02]} Qxh1 {[%emt 0:00:00]} 12. Be3 {[%emt 0:00:03]} Bb4 {[%emt 0:00:04]} 13. Qd3 {[%emt 0:00:04]} O-O {[%emt 0:00:02]} 14. a3 {[%emt 0:00:01]} Be7 {[%emt 0:00:02]} 15. Qe2 {[%emt 0:00:06]} a6 {[%emt 0:00:01]} 16. Bd3 {[%emt 0:00:02]} d4 {[%emt 0:00:02]} 17. Be4 {[%emt 0:00:07]} dxe3 {[%emt 0:00:01]} 18. Bxh1 {[%emt 0:00:02]} b6 {[%emt 0:00:02]} 19. Be4 {[%emt 0:00:01]} Bc5 {[%emt 0:00:01]} 20. Rd1 {[%emt 0:00:01]} Be8 {[%emt 0:00:01]} 21. Nf3 {[%emt 0:00:02]} f6 {[%emt 0:00:01]} 22. exf6 {[%emt 0:00:02]} gxf6 {[%emt 0:00:01]} 23. Kg2 {[%emt 0:00:00]} Bg6 {[%emt 0:00:01]} 24. Bxc6 {[%emt 0:00:02]} Rad8 {[%emt 0:00:02]} 25. Rxd8 {[%emt 0:00:03]} Rxd8 {[%emt 0:00:00]} 26. g5 {[%emt 0:00:01]} Bh5 {[%emt 0:00:02]} 27. gxf6 {[%emt 0:00:02]} e5 {[%emt 0:00:01]} 28. fxe5 {[%emt 0:00:02]} Rf8 {[%emt 0:00:01]} 29. Qc4+ {[%emt 0:00:01]} Bf7 {[%emt 0:00:01]} 30. Bd5 {[%emt 0:00:00]} e2 {[%emt 0:00:02] Time Time Time Time Time (Lag: Av=0.33s, max=0.8s) (Lag: Av=0.33s, max=0.8s) (Lag: Av=0.33s, max=0.8s) (Lag: Av=0.33s, max=0.8s) (Lag: Av=0.33s, max=0.8s)} 0-1